[Event "DEM U12w 2023"]
[Site "Willingen GER"]
[Date "2023.06.02"]
[Round "8"]
[White "Eitel, Liz"]
[Black "Rutschmann, Polly"]
[Result "1/2-1/2"]
[Termination "normal"]
[Board "18"]
[WhiteElo "971"]
[BlackElo "1023"]
[WhiteClock "01:13:16"]
[BlackClock "00:34:58"]
[PlyCount "107"]
[WhiteFideId "34622195"]
[BlackFideId "34621261"]
[EventCountry "GER"]
[EventRounds "9"]
[EventType "swiss"]
[EventDate "2023.05.27"]

1. e4 {[%clk 01:30:55]} {[%emt 00:00:04]} e6 {[%clk 01:30:40]} {[%emt
00:00:20]} 2. d4 {[%clk 01:31:03]} {[%emt 00:00:23]} d5 {[%clk 01:30:46]}
{[%emt 00:00:25]} 3. exd5 {[%clk 01:30:29]} {[%emt 00:01:04]} exd5 {[%clk
01:30:48]} {[%emt 00:00:27]} 4. Nc3 {[%clk 01:30:06]} {[%emt 00:00:53]} c6
{[%clk 01:26:07]} {[%emt 00:05:10]} 5. Nf3 {[%clk 01:29:48]} {[%emt 00:00:49]}
Bd6 {[%clk 01:23:18]} {[%emt 00:03:18]} 6. Bd3 {[%clk 01:28:15]} {[%emt
00:01:56]} Ne7 {[%clk 01:22:04]} {[%emt 00:01:50]} 7. O-O {[%clk 01:27:41]}
{[%emt 00:01:05]} O-O {[%clk 01:22:00]} {[%emt 00:00:35]} 8. Ne2 {[%clk
01:26:29]} {[%emt 00:01:42]} Bf5 {[%clk 01:21:11]} {[%emt 00:01:13]} 9. Bf4
{[%clk 01:21:48]} {[%emt 00:05:17]} Bxd3 {[%clk 01:17:30]} {[%emt 00:04:11]}
10. Bxd6 {[%clk 01:20:34]} {[%emt 00:01:44]} Bxe2 {[%clk 01:11:13]} {[%emt
00:06:47]} 11. Qxe2 {[%clk 01:19:34]} {[%emt 00:01:31]} Qxd6 {[%clk 01:11:07]}
{[%emt 00:00:36]} 12. Rfe1 {[%clk 01:18:54]} {[%emt 00:01:10]} Re8 {[%clk
01:10:08]} {[%emt 00:01:28]} 13. Qd3 {[%clk 01:18:16]} {[%emt 00:01:08]} Nd7
{[%clk 01:09:33]} {[%emt 00:01:06]} 14. Ng5 {[%clk 01:18:00]} {[%emt 00:00:46]}
Ng6 {[%clk 01:08:33]} {[%emt 00:01:29]} 15. Re3 {[%clk 01:12:09]} {[%emt
00:06:20]} Rxe3 {[%clk 01:08:28]} {[%emt 00:00:36]} 16. Qxe3 {[%clk 01:12:34]}
{[%emt 00:00:06]} Qf4 {[%clk 01:06:27]} {[%emt 00:02:28]} 17. Qxf4 {[%clk
01:12:10]} {[%emt 00:00:58]} Nxf4 {[%clk 01:06:03]} {[%emt 00:00:53]} 18. Re1
{[%clk 01:12:19]} {[%emt 00:00:21]} Nf6 {[%clk 01:04:33]} {[%emt 00:02:00]} 19.
Re7 {[%clk 01:12:15]} {[%emt 00:00:33]} Re8 {[%clk 01:04:30]} {[%emt 00:00:29]}
20. Rxe8+ {[%clk 01:12:25]} {[%emt 00:00:26]} Nxe8 {[%clk 01:04:48]} {[%emt
00:00:12]} 21. g3 {[%clk 01:12:39]} {[%emt 00:00:15]} Ne2+ {[%clk 01:04:50]}
{[%emt 00:00:28]} 22. Kg2 {[%clk 01:12:46]} {[%emt 00:00:23]} Nxd4 {[%clk
01:04:31]} {[%emt 00:00:49]} 23. f4 {[%clk 01:12:53]} {[%emt 00:00:24]} Nxc2
{[%clk 01:04:44]} {[%emt 00:00:17]} 24. Kf3 {[%clk 01:13:18]} {[%emt 00:00:04]}
h6 {[%clk 01:04:31]} {[%emt 00:00:43]} 25. Nh3 {[%clk 01:13:43]} {[%emt
00:00:05]} d4 {[%clk 01:04:36]} {[%emt 00:00:24]} 26. Nf2 {[%clk 01:14:06]}
{[%emt 00:00:08]} Kf8 {[%clk 01:04:27]} {[%emt 00:00:39]} 27. Ke2 {[%clk
01:14:26]} {[%emt 00:00:10]} c5 {[%clk 01:04:30]} {[%emt 00:00:28]} 28. Kd2
{[%clk 01:14:09]} {[%emt 00:00:47]} Nb4 {[%clk 01:04:45]} {[%emt 00:00:13]} 29.
a3 {[%clk 01:14:27]} {[%emt 00:00:13]} Nc6 {[%clk 01:04:54]} {[%emt 00:00:21]}
30. Kd3 {[%clk 01:14:46]} {[%emt 00:00:11]} Ke7 {[%clk 01:05:10]} {[%emt
00:00:14]} 31. h4 {[%clk 01:14:50]} {[%emt 00:00:26]} Kd7 {[%clk 01:03:47]}
{[%emt 00:01:52]} 32. g4 {[%clk 01:14:08]} {[%emt 00:01:14]} Kc7 {[%clk
01:03:38]} {[%emt 00:00:39]} 33. g5 {[%clk 01:14:21]} {[%emt 00:00:17]} hxg5
{[%clk 01:03:53]} {[%emt 00:00:14]} 34. fxg5 {[%clk 01:14:44]} {[%emt
00:00:07]} g6 {[%clk 01:03:34]} {[%emt 00:00:49]} 35. Ne4 {[%clk 01:14:01]}
{[%emt 00:01:12]} Kb6 {[%clk 01:03:49]} {[%emt 00:00:15]} 36. Ng3 {[%clk
01:14:00]} {[%emt 00:00:33]} Ng7 {[%clk 01:03:51]} {[%emt 00:00:28]} 37. Ne4
{[%clk 01:13:19]} {[%emt 00:01:11]} Kb5 {[%clk 01:02:53]} {[%emt 00:01:25]} 38.
Nd6+ {[%clk 01:13:16]} {[%emt 00:00:36]} Ka6 {[%clk 01:00:07]} {[%emt
00:03:14]} 39. Nxf7 {[%clk 01:13:33]} {[%emt 00:00:16]} b6 {[%clk 01:00:01]}
{[%emt 00:00:35]} 40. Nd6 {[%clk 01:13:24]} {[%emt 00:00:39]} Ka5 {[%clk
00:59:18]} {[%emt 00:01:13]} 41. Kc4 {[%clk 01:12:39]} {[%emt 00:01:15]} Ne5+
{[%clk 00:58:13]} {[%emt 00:01:35]} 42. Kb3 {[%clk 01:12:20]} {[%emt 00:00:50]}
d3 {[%clk 00:57:26]} {[%emt 00:01:16]} 43. Kc3 {[%clk 01:12:28]} {[%emt
00:00:23]} b5 {[%clk 00:57:21]} {[%emt 00:00:32]} 44. b4+ {[%clk 01:11:52]}
{[%emt 00:01:08]} cxb4+ {[%clk 00:56:50]} {[%emt 00:01:01]} 45. axb4+ {[%clk
01:12:15]} {[%emt 00:00:07]} Ka4 {[%clk 00:57:01]} {[%emt 00:00:16]} 46. Ne4
{[%clk 01:12:11]} {[%emt 00:00:38]} a5 {[%clk 00:55:06]} {[%emt 00:02:25]} 47.
Nc5+ {[%clk 01:12:23]} {[%emt 00:00:18]} Ka3 {[%clk 00:54:34]} {[%emt
00:01:02]} 48. bxa5 {[%clk 01:12:45]} {[%emt 00:00:08]} Nc6 {[%clk 00:52:22]}
{[%emt 00:02:38]} 49. a6 {[%clk 01:12:43]} {[%emt 00:00:36]} b4 {[%clk
00:50:13]} {[%emt 00:02:39]} 50. Kxd3 {[%clk 01:13:03]} {[%emt 00:00:09]} b3
{[%clk 00:50:13]} {[%emt 00:00:29]} 51. a7 {[%clk 01:12:23]} {[%emt 00:01:12]}
Nxa7 {[%clk 00:50:24]} {[%emt 00:00:19]} 52. Nxb3 {[%clk 01:12:48]} {[%emt
00:00:04]} Kxb3 {[%clk 00:50:41]} {[%emt 00:00:13]} 53. Ke4 {[%clk 01:13:14]}
{[%emt 00:00:05]} Nc6 {[%clk 00:34:58]} {[%emt 00:16:12]} 54. Kd5 {[%clk
01:13:16]} {[%emt 00:00:27]} 1/2-1/2

[Event "DEM U12w 2023"]
[Site "Willingen GER"]
[Date "2023.06.02"]
[Round "8"]
[White "Cao, Weiqi"]
[Black "Margaryan, Mari"]
[Result "1-0"]
[Termination "normal"]
[Board "19"]
[WhiteElo "1315"]
[BlackElo "949"]
[WhiteClock "00:18:09"]
[BlackClock "00:32:04"]
[PlyCount "131"]
[WhiteFideId "34630112"]
[BlackFideId "16279700"]
[EventCountry "GER"]
[EventRounds "9"]
[EventType "swiss"]
[EventDate "2023.05.27"]

1. d4 {[%clk 01:30:58]} {[%emt 00:00:01]} d5 {[%clk 01:30:52]} {[%emt
00:00:08]} 2. Nf3 {[%clk 01:31:22]} {[%emt 00:00:06]} Bf5 {[%clk 01:31:12]}
{[%emt 00:00:10]} 3. g3 {[%clk 01:31:40]} {[%emt 00:00:13]} Nc6 {[%clk
01:31:30]} {[%emt 00:00:12]} 4. Bg2 {[%clk 01:31:53]} {[%emt 00:00:17]} Qd7
{[%clk 01:31:34]} {[%emt 00:00:23]} 5. O-O {[%clk 01:25:49]} {[%emt 00:06:38]}
Bh3 {[%clk 01:31:43]} {[%emt 00:00:20]} 6. Bxh3 {[%clk 01:23:25]} {[%emt
00:02:55]} Qxh3 {[%clk 01:31:56]} {[%emt 00:00:17]} 7. c4 {[%clk 01:23:35]}
{[%emt 00:00:20]} e6 {[%clk 01:31:50]} {[%emt 00:00:35]} 8. Nc3 {[%clk
01:21:55]} {[%emt 00:02:11]} O-O-O {[%clk 01:31:00]} {[%emt 00:01:20]} 9. Ng5
{[%clk 01:19:03]} {[%emt 00:03:19]} Qf5 {[%clk 01:28:18]} {[%emt 00:03:12]} 10.
Re1 {[%emt 00:07:48]} Be7 {[%clk 01:26:57]} {[%emt 00:01:48]} 11. cxd5 {[%clk
01:06:21]} {[%emt 00:05:59]} exd5 {[%clk 01:26:06]} {[%emt 00:01:21]} 12. Qd2
{[%clk 01:02:26]} {[%emt 00:04:26]} h6 {[%clk 01:22:34]} {[%emt 00:04:01]} 13.
Nf3 {[%clk 00:58:47]} {[%emt 00:04:08]} h5 {[%clk 01:20:36]} {[%emt 00:02:29]}
14. h4 {[%clk 00:57:48]} {[%emt 00:01:27]} f6 {[%clk 01:15:16]} {[%emt
00:05:51]} 15. Qf4 {[%clk 00:54:07]} {[%emt 00:04:12]} Nh6 {[%clk 01:05:28]}
{[%emt 00:10:18]} 16. Kg2 {[%clk 00:49:32]} {[%emt 00:05:05]} Bd6 {[%clk
01:02:39]} {[%emt 00:03:19]} 17. Qxf5+ {[%clk 00:48:32]} {[%emt 00:01:30]} Nxf5
{[%emt 00:13:14]} 18. Nxd5 {[%clk 00:35:11]} {[%emt 00:01:27]} Ncxd4 {[%clk
00:59:39]} {[%emt 00:03:10]} 19. Nxd4 {[%clk 00:34:27]} {[%emt 00:01:15]} Nxd4
{[%clk 00:59:46]} {[%emt 00:00:22]} 20. Ne3 {[%clk 00:33:45]} {[%emt 00:01:10]}
g5 {[%clk 00:58:27]} {[%emt 00:01:49]} 21. Kh3 {[%clk 00:29:55]} {[%emt
00:04:22]} f5 {[%clk 00:56:16]} {[%emt 00:02:41]} 22. Rd1 {[%clk 00:26:45]}
{[%emt 00:03:39]} g4+ {[%clk 00:52:55]} {[%emt 00:03:52]} 23. Kg2 {[%emt
00:00:51]} Nxe2 {[%clk 00:52:24]} {[%emt 00:01:00]} 24. Nxf5 {[%clk 00:25:54]}
{[%emt 00:01:02]} Nxc1 {[%clk 00:50:55]} {[%emt 00:01:58]} 25. Nxd6+ {[%clk
00:26:06]} {[%emt 00:00:19]} Rxd6 {[%clk 00:51:05]} {[%emt 00:00:19]} 26. Raxc1
{[%clk 00:25:57]} {[%emt 00:00:39]} Rf6 {[%clk 00:47:01]} {[%emt 00:04:33]} 27.
Rc2 {[%clk 00:22:26]} {[%emt 00:03:53]} a5 {[%clk 00:44:00]} {[%emt 00:03:40]}
28. Rdc1 {[%clk 00:21:02]} {[%emt 00:01:51]} c6 {[%clk 00:41:51]} {[%emt
00:02:42]} 29. Rc5 {[%clk 00:20:13]} {[%emt 00:01:09]} Rhf8 {[%clk 00:41:20]}
{[%emt 00:01:12]} 30. f4 {[%clk 00:19:51]} {[%emt 00:00:48]} gxf3+ {[%clk
00:41:38]} {[%emt 00:00:15]} 31. Kf2 {[%clk 00:19:29]} {[%emt 00:00:52]} Re8
{[%clk 00:40:22]} {[%emt 00:01:46]} 32. R1c2 {[%clk 00:18:39]} {[%emt
00:01:08]} Kc7 {[%clk 00:37:08]} {[%emt 00:03:57]} 33. Rxa5 {[%clk 00:15:31]}
{[%emt 00:03:39]} b5 {[%clk 00:36:56]} {[%emt 00:00:41]} 34. Ra3 {[%clk
00:15:09]} {[%emt 00:00:50]} Ref8 {[%clk 00:34:52]} {[%emt 00:02:34]} 35. Rc5
{[%clk 00:14:52]} {[%emt 00:00:47]} Re8 {[%clk 00:33:35]} {[%emt 00:01:47]} 36.
Rxf3 {[%clk 00:14:22]} {[%emt 00:01:01]} Rxf3+ {[%clk 00:33:44]} {[%emt
00:00:21]} 37. Kxf3 {[%clk 00:14:36]} Rf8+ {[%clk 00:33:55]} {[%emt 00:00:35]}
38. Kg2 {[%clk 00:14:47]} {[%emt 00:00:20]} Rh8 {[%clk 00:33:35]} {[%emt
00:00:49]} 39. Kh3 {[%clk 00:14:43]} {[%emt 00:00:35]} Kd6 {[%clk 00:33:39]}
{[%emt 00:00:25]} 40. Rf5 {[%clk 00:14:26]} {[%emt 00:00:46]} Ke6 {[%clk
00:33:34]} {[%emt 00:00:36]} 41. g4 {[%clk 00:14:26]} {[%emt 00:00:30]} Rh7
{[%clk 00:33:10]} {[%emt 00:00:53]} 42. Rg5 {[%clk 00:13:40]} {[%emt 00:01:13]}
hxg4+ {[%clk 00:32:56]} {[%emt 00:00:47]} 43. Kxg4 {[%clk 00:13:35]} {[%emt
00:00:36]} Kf6 {[%clk 00:32:54]} {[%emt 00:00:30]} 44. h5 {[%clk 00:12:52]}
{[%emt 00:01:15]} Rg7 {[%clk 00:32:56]} {[%emt 00:00:28]} 45. Rxg7 {[%clk
00:13:00]} {[%emt 00:00:22]} Kxg7 {[%clk 00:33:17]} {[%emt 00:00:09]} 46. Kf5
{[%clk 00:13:09]} {[%emt 00:00:20]} c5 {[%clk 00:33:16]} {[%emt 00:00:32]} 47.
Ke5 {[%clk 00:12:58]} {[%emt 00:00:41]} b4 {[%clk 00:28:53]} {[%emt 00:04:53]}
48. Kd5 {[%clk 00:13:13]} {[%emt 00:00:14]} b3 {[%clk 00:29:16]} {[%emt
00:00:08]} 49. axb3 {[%clk 00:13:35]} {[%emt 00:00:09]} Kh6 {[%clk 00:29:32]}
{[%emt 00:00:13]} 50. Kxc5 {[%clk 00:13:58]} {[%emt 00:00:07]} Kxh5 {[%clk
00:29:57]} {[%emt 00:00:05]} 51. b4 {[%clk 00:14:21]} {[%emt 00:00:08]} Kg6
{[%clk 00:29:45]} {[%emt 00:00:41]} 52. Kc6 {[%clk 00:14:45]} {[%emt 00:00:06]}
Kf7 {[%clk 00:30:07]} {[%emt 00:00:09]} 53. Kc7 {[%clk 00:15:06]} {[%emt
00:00:09]} Ke6 {[%clk 00:29:37]} {[%emt 00:01:00]} 54. b5 {[%clk 00:15:28]}
{[%emt 00:00:08]} Kd5 {[%clk 00:29:56]} {[%emt 00:00:10]} 55. b6 {[%clk
00:15:54]} {[%emt 00:00:05]} Kc5 {[%clk 00:30:22]} {[%emt 00:00:03]} 56. b7
{[%clk 00:16:17]} {[%emt 00:00:07]} Kd4 {[%clk 00:30:15]} {[%emt 00:00:37]} 57.
b8=Q {[%clk 00:16:40]} {[%emt 00:00:08]} Kd3 {[%clk 00:30:37]} {[%emt
00:00:08]} 58. Qb4 {[%clk 00:17:05]} {[%emt 00:00:06]} Kc2 {[%clk 00:30:57]}
{[%emt 00:00:08]} 59. Qc3+ {[%clk 00:16:53]} {[%emt 00:00:38]} Kb1 {[%clk
00:31:15]} {[%emt 00:00:14]} 60. Qd2 {[%clk 00:16:57]} {[%emt 00:00:25]} Ka1
{[%clk 00:31:39]} {[%emt 00:00:10]} 61. b4 {[%clk 00:16:35]} {[%emt 00:00:53]}
Kb1 {[%clk 00:31:57]} {[%emt 00:00:11]} 62. Kc6 {[%clk 00:17:00]} {[%emt
00:00:05]} Ka1 {[%clk 00:31:36]} {[%emt 00:00:50]} 63. Kc5 {[%clk 00:17:20]}
{[%emt 00:00:10]} Kb1 {[%clk 00:31:58]} {[%emt 00:00:08]} 64. Kc4 {[%clk
00:17:47]} {[%emt 00:00:04]} Ka1 {[%clk 00:32:14]} {[%emt 00:00:14]} 65. Kb3
{[%clk 00:18:09]} {[%emt 00:00:06]} Kb1 {[%clk 00:32:04]} {[%emt 00:00:09]} 66.
Qb2# 1-0

[Event "DEM U12w 2023"]
[Site "Willingen GER"]
[Date "2023.06.02"]
[Round "8"]
[White "Borck, Elena"]
[Black "Baus, Louise Marie"]
[Result "1-0"]
[Termination "normal"]
[Board "20"]
[WhiteElo "970"]
[BlackElo "759"]
[WhiteClock "01:16:06"]
[BlackClock "01:15:17"]
[PlyCount "51"]
[WhiteFideId "16275446"]
[BlackFideId "34660291"]
[EventCountry "GER"]
[EventRounds "9"]
[EventType "swiss"]
[EventDate "2023.05.27"]

1. Nf3 {[%emt 00:00:12]} d5 {[%clk 01:30:52]} 2. d4 {[%clk 01:31:15]} {[%emt
00:00:11]} Nf6 {[%clk 01:31:07]} {[%emt 00:00:14]} 3. Bf4 {[%clk 01:31:31]}
{[%emt 00:00:15]} Bf5 {[%clk 01:31:11]} {[%emt 00:00:26]} 4. e3 {[%clk
01:31:38]} {[%emt 00:00:24]} e6 {[%clk 01:30:40]} {[%emt 00:01:00]} 5. c4
{[%clk 01:31:46]} {[%emt 00:00:22]} c6 {[%clk 01:30:34]} {[%emt 00:00:36]} 6.
Nc3 {[%clk 01:31:57]} {[%emt 00:00:19]} Bb4 {[%clk 01:29:49]} {[%emt 00:01:15]}
7. Bd3 {[%clk 01:31:52]} {[%emt 00:00:35]} O-O {[%clk 01:29:38]} {[%emt
00:00:41]} 8. Bxf5 {[%clk 01:32:06]} {[%emt 00:00:16]} exf5 {[%clk 01:29:56]}
{[%emt 00:00:11]} 9. O-O {[%clk 01:32:24]} {[%emt 00:00:13]} Ne4 {[%clk
01:29:24]} {[%emt 00:01:02]} 10. Nxe4 {[%clk 01:31:49]} {[%emt 00:01:05]} fxe4
{[%clk 01:29:35]} {[%emt 00:00:18]} 11. Ne5 {[%clk 01:31:53]} {[%emt 00:00:26]}
Bd6 {[%clk 01:27:48]} {[%emt 00:02:17]} 12. c5 {[%clk 01:30:24]} {[%emt
00:02:00]} Bc7 {[%clk 01:27:31]} {[%emt 00:00:46]} 13. Qe2 {[%clk 01:22:34]}
{[%emt 00:08:21]} Nd7 {[%clk 01:24:25]} {[%emt 00:03:35]} 14. b4 {[%clk
01:19:32]} {[%emt 00:03:33]} Re8 {[%clk 01:22:09]} {[%emt 00:02:46]} 15. Nxd7
{[%clk 01:18:05]} {[%emt 00:01:56]} Qxd7 {[%clk 01:22:03]} {[%emt 00:00:36]}
16. Bxc7 {[%clk 01:17:33]} {[%emt 00:01:03]} Qxc7 {[%clk 01:22:15]} {[%emt
00:00:18]} 17. b5 {[%clk 01:17:03]} {[%emt 00:01:01]} Re6 {[%clk 01:21:16]}
{[%emt 00:01:28]} 18. bxc6 {[%clk 01:16:06]} {[%emt 00:01:27]} bxc6 {[%clk
01:21:30]} {[%emt 00:00:15]} 19. Rab1 {[%clk 01:16:15]} {[%emt 00:00:22]} Rh6
{[%clk 01:21:05]} {[%emt 00:00:55]} 20. h3 {[%clk 01:16:37]} {[%emt 00:00:09]}
Rh4 {[%clk 01:19:45]} {[%emt 00:01:49]} 21. Qa6 {[%clk 01:16:27]} {[%emt
00:00:40]} Re8 {[%clk 01:18:11]} {[%emt 00:02:03]} 22. Rb7 {[%clk 01:16:20]}
{[%emt 00:00:39]} Qd8 {[%clk 01:17:22]} {[%emt 00:01:17]} 23. Qxc6 {[%clk
01:15:53]} {[%emt 00:00:57]} Re6 {[%clk 01:17:03]} {[%emt 00:00:49]} 24. Rd7
{[%clk 01:15:45]} {[%emt 00:00:38]} Qg5 {[%clk 01:16:39]} {[%emt 00:00:53]} 25.
Qc8+ {[%clk 01:16:00]} {[%emt 00:00:16]} Re8 {[%clk 01:15:17]} {[%emt
00:01:52]} 26. Qxe8# {[%clk 01:16:06]} {[%emt 00:00:21]} 1-0

[Event "DEM U12w 2023"]
[Site "Willingen GER"]
[Date "2023.06.02"]
[Round "8"]
[White "Albrecht, Sidney Jenna"]
[Black "Neumann, Anna-Lena"]
[Result "0-1"]
[Termination "normal"]
[Board "21"]
[WhiteElo "1079"]
[BlackElo "740"]
[WhiteClock "00:58:45"]
[BlackClock "01:14:11"]
[PlyCount "52"]
[WhiteFideId "34660283"]
[BlackFideId "34660321"]
[EventCountry "GER"]
[EventRounds "9"]
[EventType "swiss"]
[EventDate "2023.05.27"]

1. c4 {[%clk 01:30:56]} {[%emt 00:00:02]} Nf6 {[%clk 01:30:53]} {[%emt
00:00:08]} 2. Nc3 {[%clk 01:31:12]} {[%emt 00:00:14]} g6 {[%clk 01:30:54]}
{[%emt 00:00:30]} 3. e4 {[%clk 01:31:18]} {[%emt 00:00:23]} Bg7 {[%clk
01:30:56]} {[%emt 00:00:27]} 4. d4 {[%clk 01:31:04]} {[%emt 00:00:45]} d6
{[%clk 01:31:07]} {[%emt 00:00:20]} 5. Nf3 {[%clk 01:31:10]} {[%emt 00:00:23]}
O-O {[%clk 01:31:27]} {[%emt 00:00:10]} 6. Be2 {[%clk 01:31:07]} {[%emt
00:00:34]} Nc6 {[%clk 01:31:43]} {[%emt 00:00:13]} 7. O-O {[%clk 01:29:10]}
{[%emt 00:02:27]} e5 {[%clk 01:31:22]} {[%emt 00:00:51]} 8. d5 {[%clk
01:27:04]} {[%emt 00:02:35]} Nd4 {[%clk 01:30:58]} {[%emt 00:00:54]} 9. Nxd4
{[%clk 01:26:46]} {[%emt 00:00:48]} exd4 {[%clk 01:31:05]} {[%emt 00:00:23]}
10. Qxd4 {[%clk 01:26:55]} {[%emt 00:00:22]} Ng4 {[%clk 01:30:45]} {[%emt
00:00:50]} 11. Qd1 {[%clk 01:26:40]} {[%emt 00:00:44]} Ne5 {[%clk 01:29:43]}
{[%emt 00:01:32]} 12. Be3 {[%clk 01:24:32]} {[%emt 00:02:38]} c5 {[%clk
01:29:27]} {[%emt 00:00:46]} 13. h3 {[%clk 01:18:38]} {[%emt 00:06:24]} Qh4
{[%clk 01:28:42]} {[%emt 00:01:15]} 14. Qd2 {[%clk 01:16:37]} {[%emt 00:02:31]}
h6 {[%clk 01:26:34]} {[%emt 00:02:39]} 15. Rab1 {[%clk 01:12:07]} {[%emt
00:05:00]} Bxh3 {[%clk 01:24:25]} {[%emt 00:02:38]} 16. gxh3 {[%clk 01:12:05]}
{[%emt 00:00:32]} Qxh3 {[%clk 01:24:26]} {[%emt 00:00:28]} 17. Rfc1 {[%clk
01:08:14]} {[%emt 00:04:19]} Rae8 {[%clk 01:22:45]} {[%emt 00:02:13]} 18. b4
{[%clk 01:06:00]} {[%emt 00:02:44]} Nd7 {[%clk 01:22:43]} {[%emt 00:00:32]} 19.
bxc5 {[%clk 01:05:33]} {[%emt 00:00:57]} dxc5 {[%clk 01:21:58]} {[%emt
00:01:14]} 20. Rxb7 {[%clk 01:05:00]} {[%emt 00:01:03]} Re7 {[%clk 01:20:15]}
{[%emt 00:02:13]} 21. Bxc5 {[%clk 01:03:55]} {[%emt 00:01:36]} Re5 {[%clk
01:19:34]} {[%emt 00:01:10]} 22. Be3 {[%clk 01:02:33]} {[%emt 00:01:53]} Nc5
{[%clk 01:18:16]} {[%emt 00:01:47]} 23. Rxa7 {[%clk 01:01:30]} {[%emt
00:01:33]} Nxe4 {[%clk 01:16:26]} {[%emt 00:02:20]} 24. Nxe4 {[%clk 01:01:30]}
{[%emt 00:00:31]} Rxe4 {[%clk 01:16:38]} {[%emt 00:00:17]} 25. Rb7 {[%clk
00:58:56]} {[%emt 00:03:05]} Rh4 {[%clk 01:14:21]} {[%emt 00:02:45]} 26. Bf4
{[%clk 00:58:45]} {[%emt 00:00:43]} Qh1# {[%clk 01:14:11]} {[%emt 00:00:38]}
0-1